000 00759nam a2200265Ia 4500
003 OSt
005 20220927105319.0
006 a|||||r|||| 00| 0
007 ta
008 220926b |||||||| |||| 00| 0 eng d
020 _a8183562515
024 _a174056
037 _cReference Collections
040 _aRTL
_cRTL
_beng
041 _2eng
_aeng
082 _a"Y9(W:5):434.2, P7"
100 _aNARASAIAH M Lakshmi
_9371619
245 0 _aPoor and the human rights
260 _aNew
_bDelhi Discovery Publishing House
_c2007
300 _a"x, 185p"
_ccm.
500 _aBibligraphy P 171-179
650 _aHUMAN RIGHTS
_9371620
942 _h"Y9(W:5):434.2, P7"
_cCC
999 _c691762
_d691762